00618 2200217 4500001002100000005001500021035002000036007000300056008004100059020002200100082000800122084001400130100001600144245009600160250002300256260003000279300003300309650001800342700002700360700001300387INLIS00000000000465620260604095515 a0010-0626000010ta260604 d j ind  a978-623-01-3676-4 a813 a813 FAH k0 aFahmi Riadl1 aKeputusan Cinta dan Pengorbanan :bAntologi Cerpen /cFahmi Riadl (Penulis); Erang (Editor) aEdisi I, Cetakan I aYogyakarta :bAndi,c2023 axii; 196 Hal :bTeks ;c21cm 4aCerita Pendek0 aAurel Hadisty Anandira0 aSabariah